[Event "Bhopal op"]
[Site "Bhopal"]
[Date "2019.12.22"]
[Round "2"]
[White "Ankur, Mahesh Gokhale"]
[Black "Czebe, Attila"]
[Result "1/2-1/2"]
[WhiteElo "1731"]
[BlackElo "2374"]
[PlyCount "145"]
[EventDate "2019.12.21"]
[EventType "swiss"]
[EventRounds "10"]
[EventCountry "IND"]
[SourceTitle "CBM 194 Extra"]
[Source "ChessBase"]
[SourceDate "2020.03.31"]
[SourceVersion "1"]
[SourceVersionDate "2020.03.31"]
[SourceQuality "1"]

1. e4 c5 2. Nc3 a6 3. f4 b5 4. g3 Bb7 5. Bg2 e6 6. d3 d5 7. Nf3 b4 8. Ne2 dxe4 9. Nd2 Nf6 10. Nxe4 Nxe4 11. Bxe4 Bxe4 12. dxe4 Qxd1+ 13. Kxd1 Nd7 14. c4 a5 15. Be3 a4 16. Kc2 Be7 17. h3 0-0 18. g4 Ra7 19. Rac1 Nb6 20. Kb1 Rd8 21. Rhd1 Rxd1 22. Rxd1 Nxc4 23. Bf2 Rc7 24. b3 Nb6 25. Nc1 axb3 26. axb3 Nd7 27. Nd3 c4 28. bxc4 Rxc4 29. Nb2 Rc7 30. Rd4 Kf8 31. Nd3 Ke8 32. Be1 Nc5 33. Nxc5 Bxc5 34. Rc4 Bd6 35. Rxc7 Bxc7 36. Bxb4 Bxf4 37. Kc2 Kd7 38. Kd3 Be5 39. Kc4 Kc6 40. Be1 Bf4 41. Bf2 Kd6 42. Bd4 Be5 43. Bc5+ Kd7 44. Bf2 Ke7 45. Bh4+ f6 46. Kd3 Kd6 47. Kc4 Bh2 48. Kd4 Bg1+ 49. Kd3 Bh2 50. Kd4 Bg1+ 51. Kd3 Kc5 52. Bg3 Kb4 53. e5 fxe5 54. Bxe5 g6 55. Ke4 Kc5 56. Bf4 Bd4 57. Bb8 Kc4 58. Bc7 Bf6 59. Bg3 Bc3 60. Bd6 Kb3 61. Be5 Bb4 62. Bf4 Ba5 63. Bd6 Bc3 64. Be5 Bb4 65. Bc7 Be1 66. Bf4 Kc2 67. Ke5 Kd3 68. Bg5 Ke2 69. Kxe6 Kf3 70. Kf7 Kg3 71. Kg7 Kxh3 72. Kxh7 Kxg4 73. Kxg6 1/2-1/2

[Event "Kalyan op 2nd"]
[Site "Kalyan"]
[Date "2019.01.30"]
[Round "2"]
[White "Shubham, Rahul Kamble"]
[Black "Ankur, Mahesh Gokhale"]
[Result "0-1"]
[WhiteElo "1244"]
[BlackElo "1628"]
[PlyCount "104"]
[EventDate "2019.01.29"]
[EventType "swiss"]
[EventRounds "10"]
[EventCountry "IND"]
[SourceTitle "CBM 188 Extra"]
[Source "ChessBase"]
[SourceDate "2019.02.28"]
[SourceVersion "1"]
[SourceVersionDate "2019.02.28"]
[SourceQuality "1"]

1. e4 c5 2. d4 cxd4 3. c3 Nf6 4. e5 Nd5 5. cxd4 e6 6. Nf3 b6 7. Nc3 Bb7 8. Bc4 Nxc3 9. bxc3 Qc7 10. Qd3 Nc6 11. 0-0 Na5 12. Bb3 Rc8 13. Bd2 Nc4 14. Bxc4 Qxc4 15. Qe3 Qd5 16. Ne1 Qe4 17. Qxe4 Bxe4 18. f3 Bd5 19. Nc2 Bc4 20. Rfc1 d5 21. a4 a5 22. Rcb1 Bd3 23. Rb2 Rc6 24. Na3 Be7 25. Kf2 Bd8 26. Ke3 Bc4 27. Nb5 Bxb5 28. axb5 Rc4 29. Rba2 f6 30. Ra4 Rxa4 31. Rxa4 fxe5 32. dxe5 Be7 33. Kd3 Bc5 34. Be3 Bxe3 35. Kxe3 Ke7 36. c4 Rc8 37. Kd4 Rc5 38. cxd5 Rxd5+ 39. Ke4 Rxb5 40. f4 Rb2 41. Kf3 Rd2 42. h4 Rd7 43. g4 Ra7 44. Ke3 b5 45. Ra1 a4 46. Kd3 a3 47. Kc3 Ra4 48. Kb3 Rxf4 49. Rxa3 Rf3+ 50. Kb4 Rxa3 51. Kxa3 Kd7 52. Kb4 Kc6 0-1

[Event "Kalyan op 2nd"]
[Site "Kalyan"]
[Date "2019.01.29"]
[Round "1"]
[White "Ankur, Mahesh Gokhale"]
[Black "Kotur, Aman"]
[Result "1-0"]
[WhiteElo "1628"]
[BlackElo "1076"]
[PlyCount "41"]
[EventDate "2019.01.29"]
[EventType "swiss"]
[EventRounds "10"]
[EventCountry "IND"]
[SourceTitle "CBM 188 Extra"]
[Source "ChessBase"]
[SourceDate "2019.02.28"]
[SourceVersion "1"]
[SourceVersionDate "2019.02.28"]
[SourceQuality "1"]

1. e4 c6 2. d4 d5 3. exd5 Qxd5 4. Nc3 Qa5 5. Bd2 Qb6 6. Nf3 Bg4 7. Bc4 e6 8. Bb3 Nf6 9. h3 Bxf3 10. Qxf3 Qxd4 11. Be3 Qe5 12. 0-0-0 Qh5 13. g4 Qg6 14. Nb5 Na6 15. Nd4 Rd8 16. Nxc6 Ra8 17. Ba4 Qe4 18. Qxe4 Nxe4 19. Nb8+ Ke7 20. Nxa6 bxa6 21. Bc6 1-0

[Event "Thane ARMS op 1st"]
[Site "Thane"]
[Date "2018.04.21"]
[Round "4"]
[White "Ankur, Mahesh Gokhale"]
[Black "Mohammad, Nubairshah Shaikh"]
[Result "0-1"]
[WhiteElo "1575"]
[BlackElo "2334"]
[PlyCount "86"]
[EventDate "2018.04.21"]
[EventType "swiss (rapid)"]
[EventRounds "9"]
[EventCountry "IND"]
[SourceTitle "CBM 184 Extra"]
[Source "ChessBase"]
[SourceDate "2018.06.28"]
[SourceVersion "1"]
[SourceVersionDate "2018.06.28"]
[SourceQuality "1"]

1. e4 Nf6 2. e5 Nd5 3. c4 Nb6 4. d4 d6 5. exd6 cxd6 6. Nc3 g6 7. Be3 Bg7 8. Nf3 0-0 9. Be2 Nc6 10. Qd2 Bg4 11. b3 e5 12. d5 Bxf3 13. gxf3 Nd4 14. 0-0-0 a5 15. f4 a4 16. Qb2 Re8 17. Bd3 exf4 18. Bxf4 Qf6 19. Be3 a3 20. Qb1 Nd7 21. Ne4 Rxe4 22. Bxe4 Ne2+ 23. Kd2 Nc3 24. Qc2 Re8 25. f3 Nc5 26. Bxc5 Bh6+ 27. Be3 Qd4+ 28. Qd3 Bxe3+ 29. Ke1 Bf2+ 30. Kf1 Nxd1 31. Qxd4 Bxd4 32. Ke2 Nb2 33. Kd2 f5 34. Bc2 Re3 35. Rf1 f4 36. Be4 Bc3+ 37. Kc2 Bb4 38. Rf2 Rc3+ 39. Kb1 Kg7 40. h4 Kf6 41. Rg2 Nd3 42. Rc2 Rxc2 43. Kxc2 Nf2 0-1